000 00597nam a2200193Ia 4500
005 20260120131846.0
008 008 260114s9999 xx 000 0 eng d
020 _a9781383005745
037 _aEBOOK
040 _aCRL
_beng
_cCRL
041 _aeng
_2eng
084 _qCRL
100 _aDench
_9932066
245 0 _aFrom Barbarians to New Men Greek, Roman, and Modern Perceptions of Peoples from the Central Apennines
260 _bOxford University PressOxford University Press
_c2023
856 _uhttps://academic.oup.com/book/46943
942 _cEBOOK
999 _c1523988
_d1523988